000 00565nam a2200157 a 4500
001 ASINB0007DE1SW
005 20150402024516.0
008 150402s1968 xxu eng d
100 1 _aReid, Robert L.
245 1 0 _aExperiments in alternating current circuits /
_cRobert L Reid.
260 _a[S.l.] :
_bPrentice-Hall,
_c1968.
300 _a120 p.
490 1 _aPrentice-hall series in electronic technology.
830 0 _aPrentice-hall series in electronic technology.
856 4 0 _3Amazon.com
_uhttp://www.amazon.com/exec/obidos/ASIN/B0007DE1SW/chopaconline-20
999 _c12844
_d12844